[Event "3MCR_4D_1L_2S"]
[Site "?"]
[Date "1999.??.??"]
[Round "2"]
[White "Vrkoc, David"]
[Black "Cerny, Jan"]
[Result "1/2-1/2"]
[WhiteElo "2195"]
[BlackElo "2350"]
[PlyCount "45"]
[EventDate "1999.??.??"]
[EventType "corr"]

1. c4 c6 2. e4 d5 3. exd5 cxd5 4. d4 Nf6 5. Nc3 e6 6. Nf3 Be7 7. cxd5 Nxd5 8.
Bd3 Nc6 9. O-O O-O 10. Re1 Bf6 11. Be4 Nce7 12. Ne5 g6 13. Bh6 Bg7 14. Bxg7
Kxg7 15. Qf3 Nxc3 16. bxc3 Qc7 17. Qf4 Qxc3 18. Ng4 Rg8 19. Red1 Qa5 20. Rac1
Bd7 21. Ne5 Rad8 22. h4 f6 23. Nc4 1/2-1/2

[Event "3MCR_4D_1L_2S"]
[Site "?"]
[Date "1999.??.??"]
[Round "2"]
[White "Odehnal, Miroslav"]
[Black "Kopec, Ladislav"]
[Result "1/2-1/2"]
[WhiteElo "2450"]
[BlackElo "2280"]
[PlyCount "45"]
[EventDate "1999.??.??"]
[EventType "corr"]

1. e4 c5 2. Nf3 e6 3. d4 cxd4 4. Nxd4 a6 5. Bd3 d5 6. exd5 Qxd5 7. O-O Nf6 8.
Nc3 Qd8 9. Bg5 Be7 10. Re1 Bd7 11. Qd2 Nc6 12. Nf3 Nb4 13. Rad1 Bc6 14. Qf4 Qb6
15. Ne5 Rd8 16. Be4 O-O 17. Ng4 Rxd1 18. Rxd1 Nfd5 19. Nxd5 Nxd5 20. Bxd5 Bxg5
21. Qxg5 exd5 22. Nf6+ Kh8 23. Qf5 1/2-1/2

[Event "3MCR_4D_1L_2S"]
[Site "?"]
[Date "1999.??.??"]
[Round "2"]
[White "Zacek, Jiri"]
[Black "Zatloukal, Petr"]
[Result "0-1"]
[WhiteElo "2305"]
[BlackElo "2000"]
[PlyCount "56"]
[EventDate "1999.??.??"]
[EventType "corr"]

1. d4 Nf6 2. c4 g6 3. Nc3 Bg7 4. e4 d6 5. Be2 O-O 6. Bg5 h6 7. Bf4 Nc6 8. Qd2
Nxd4 9. Qxd4 e5 10. Bxe5 dxe5 11. Qxe5 Re8 12. Qf4 c6 13. Qe3 Qa5 14. f3 b5 15.
a3 bxc4 16. Bxc4 Nd5 17. Bxd5 cxd5 18. Nge2 Ba6 19. Kf2 dxe4 20. fxe4 Bxe2 21.
Nxe2 Bxb2 22. Ra2 Rab8 23. Rd1 Qa4 24. Rd2 Rxe4 25. Qxh6 Bxa3 26. g3 Bc5+ 27.
Kg2 Qc6 28. Kf1 Rb1+ 0-1

[Event "3MCR_4D_1L_2S"]
[Site "?"]
[Date "1999.??.??"]
[Round "2"]
[White "Odehnal, Miroslav"]
[Black "Zacek, Jiri"]
[Result "1/2-1/2"]
[WhiteElo "2450"]
[BlackElo "2305"]
[PlyCount "47"]
[EventDate "1999.??.??"]
[EventType "corr"]

1. e4 e5 2. Nf3 Nc6 3. Bb5 a6 4. Ba4 Nf6 5. O-O Be7 6. Re1 b5 7. Bb3 O-O 8. c3
d5 9. exd5 Nxd5 10. Nxe5 Nxe5 11. Rxe5 c6 12. d3 Bd6 13. Re1 Bf5 14. Qf3 Qh4
15. g3 Qh3 16. Bxd5 cxd5 17. Be3 Bxd3 18. Qxd5 Rad8 19. Qg2 Qh5 20. Nd2 b4 21.
Bd4 Qb5 22. Ne4 Be7 23. f4 Rfe8 24. Re3 1/2-1/2

[Event "3MCR_4D_1L_2S"]
[Site "?"]
[Date "1999.??.??"]
[Round "2"]
[White "Hlavac, Frantisek"]
[Black "Matousek, Jan_ml."]
[Result "1/2-1/2"]
[WhiteElo "2200"]
[BlackElo "2230"]
[PlyCount "66"]
[EventDate "1999.??.??"]
[EventType "corr"]

1. e4 c5 2. f4 g6 3. Nf3 Bg7 4. Nc3 Nc6 5. Bb5 Nd4 6. O-O Nxb5 7. Nxb5 d6 8. d3
Nf6 9. Qe1 Bd7 10. Nc3 O-O 11. Qh4 Bc6 12. f5 Qb6 13. Rb1 c4+ 14. Kh1 cxd3 15.
cxd3 Qa6 16. Bh6 Bb5 17. Nxb5 Qxb5 18. Ng5 Qxd3 19. Rbe1 Nh5 20. Bxg7 Kxg7 21.
Rf3 Qa6 22. fxg6 hxg6 23. Ref1 Qxa2 24. b3 e5 25. Nxf7 Nf4 26. Rxf4 exf4 27.
Qxf4 Qb2 28. Qh6+ Kg8 29. Qxg6+ Qg7 30. Nh6+ Kh8 31. Nf7+ Kg8 32. Nh6+ Kh8 33.
Nf7+ Kg8 1/2-1/2

[Event "3MCR_4D_1L_2S"]
[Site "?"]
[Date "1999.??.??"]
[Round "2"]
[White "Matousek, Jan_st."]
[Black "Zacek, Jiri"]
[Result "1/2-1/2"]
[WhiteElo "2240"]
[BlackElo "2305"]
[PlyCount "57"]
[EventDate "1999.??.??"]
[EventType "corr"]

1. d4 Nf6 2. c4 g6 3. Nc3 d5 4. Nf3 Bg7 5. Qb3 dxc4 6. Qxc4 O-O 7. e4 Na6 8. e5
Nd7 9. e6 fxe6 10. Qxe6+ Kh8 11. Qb3 c5 12. d5 Nb6 13. Be3 Bg4 14. Ng5 Rc8 15.
h3 Bf5 16. Bxa6 bxa6 17. O-O c4 18. Qa3 Nxd5 19. Rad1 Bxc3 20. bxc3 h6 21. Nf3
Kh7 22. Rd4 e6 23. Ne5 Qc7 24. Nxc4 Bd3 25. Rxd3 Qxc4 26. Rfd1 Rf7 27. Bd4 Nf4
28. R3d2 Ne2+ 29. Kh2 1/2-1/2

[Event "3MCR_4D_1L_2S"]
[Site "?"]
[Date "1999.??.??"]
[Round "2"]
[White "Urbanek, Stepan"]
[Black "Pfeifer, Miroslav"]
[Result "0-1"]
[WhiteElo "2405"]
[BlackElo "2255"]
[PlyCount "66"]
[EventDate "1999.??.??"]
[EventType "corr"]

1. d4 Nf6 2. c4 g6 3. Nc3 Bg7 4. e4 d6 5. f4 O-O 6. Nf3 c5 7. d5 e6 8. Be2 exd5
9. cxd5 Na6 10. e5 dxe5 11. fxe5 Ng4 12. Bf4 Re8 13. e6 fxe6 14. d6 Qb6 15. Qb3
Qxb3 16. axb3 Nb4 17. O-O Bd7 18. Rac1 a6 19. Na4 Nd5 20. Bg5 Bxa4 21. bxa4
Ngf6 22. a5 Rad8 23. Rxc5 Rxd6 24. Rfc1 h6 25. Bxf6 Bxf6 26. R5c2 Bd8 27. Bd3
g5 28. Bg6 Rf8 29. Ra1 b6 30. axb6 Bxb6+ 31. Kh1 Ne3 32. Re2 g4 33. Ne5 Nd1 0-1

[Event "3MCR_4D_1L_2S"]
[Site "?"]
[Date "1999.??.??"]
[Round "2"]
[White "Zacek, Jiri"]
[Black "Hlavac, Frantisek"]
[Result "0-1"]
[WhiteElo "2305"]
[BlackElo "2200"]
[PlyCount "58"]
[EventDate "1999.??.??"]
[EventType "corr"]

1. d4 Nf6 2. c4 g6 3. Nc3 Bg7 4. e4 O-O 5. Be2 c6 6. h4 d5 7. e5 Ne4 8. Nxe4
dxe4 9. f4 exf3 10. Nxf3 c5 11. d5 Nd7 12. Bf4 Qc7 13. Qd2 Nxe5 14. O-O-O Nxf3
15. gxf3 Qb6 16. Bh6 Qb4 17. Bg5 Qa4 18. Kb1 b5 19. cxb5 Bf5+ 20. Bd3 Bxd3+ 21.
Qxd3 Rab8 22. b3 Rxb5 23. Rd2 c4 24. Qe4 Rxb3+ 25. Kc1 Rc3+ 26. Rc2 Rxc2+ 27.
Qxc2 Qa3+ 28. Kd2 Qxf3 29. Re1 Rb8 0-1

[Event "3MCR_4D_1L_2S"]
[Site "?"]
[Date "1999.??.??"]
[Round "2"]
[White "Sohr, Vladimir"]
[Black "Vrkoc, David"]
[Result "1/2-1/2"]
[WhiteElo "2255"]
[BlackElo "2195"]
[PlyCount "65"]
[EventDate "1999.??.??"]
[EventType "corr"]

1. e4 c5 2. Nf3 d6 3. d4 cxd4 4. Nxd4 Nf6 5. Nc3 a6 6. Bg5 e6 7. f4 Qb6 8. Qd2
Qxb2 9. Rb1 Qa3 10. f5 Nc6 11. fxe6 fxe6 12. Nxc6 bxc6 13. Be2 Be7 14. O-O O-O
15. Rb3 Qc5+ 16. Be3 Qe5 17. Bf4 Qc5+ 18. Be3 Qe5 19. Bf4 Nxe4 20. Nxe4 Qxe4
21. Bxd6 Rxf1+ 22. Kxf1 Bf6 23. Bf3 Qc4+ 24. Qd3 Qxd3+ 25. cxd3 Bd7 26. Ke2 Be8
27. Bg4 e5 28. Rb6 Bf7 29. Rxc6 Bxa2 30. Bf3 a5 31. Bc7 Ra7 32. Bb6 Ra6 33. Bc7
1/2-1/2

[Event "3MCR_4D_1L_2S"]
[Site "?"]
[Date "1999.??.??"]
[Round "2"]
[White "Galuska, Josef"]
[Black "Sohr, Vladimir"]
[Result "1-0"]
[WhiteElo "2335"]
[BlackElo "2255"]
[PlyCount "77"]
[EventDate "1999.??.??"]
[EventType "corr"]

1. d4 Nf6 2. c4 g6 3. Nc3 Bg7 4. e4 d6 5. f3 O-O 6. Be3 e5 7. Nge2 c6 8. d5
cxd5 9. cxd5 Nbd7 10. Qd2 a6 11. g4 h5 12. g5 Nh7 13. Rg1 b5 14. Nc1 Nb6 15. b3
Bd7 16. a3 Nc8 17. a4 bxa4 18. Nxa4 Bb5 19. Bh3 Ne7 20. Nc3 Qc7 21. Nxb5 axb5
22. Rxa8 Rxa8 23. Kd1 Qb7 24. Qb4 Bf8 25. Bf1 Rb8 26. Rg2 Nc8 27. h4 Be7 28.
Ra2 f6 29. Ra5 Qd7 30. Rxb5 Rxb5 31. Qxb5 Qxb5 32. Bxb5 Bd8 33. gxf6 Bxf6 34.
Bd7 Ne7 35. b4 Nf8 36. Bh3 Kf7 37. b5 Ke8 38. b6 Kd8 39. Nb3 1-0

[Event "3MCR_4D_1L_2S"]
[Site "?"]
[Date "1999.??.??"]
[Round "2"]
[White "Cerny, Jan"]
[Black "Urbanek, Stepan"]
[Result "1-0"]
[WhiteElo "2350"]
[BlackElo "2405"]
[PlyCount "69"]
[EventDate "1999.??.??"]
[EventType "corr"]

1. d4 d5 2. Nf3 Nf6 3. c4 e6 4. Nc3 c6 5. e3 Nbd7 6. Qc2 Bd6 7. g4 dxc4 8. Bxc4
b5 9. Be2 Bb7 10. g5 Nd5 11. Ne4 Be7 12. Bd2 Rc8 13. Nc5 Nxc5 14. dxc5 a5 15.
a4 Nb4 16. Bxb4 axb4 17. axb5 Qd5 18. Rd1 Qxc5 19. Qxc5 Bxc5 20. Ne5 cxb5 21.
Bxb5+ Kf8 22. O-O Bd5 23. e4 Bb3 24. Rd3 Bc2 25. Rd7 f6 26. Nf7 Rg8 27. Nd8
Rxd8 28. Rxd8+ Kf7 29. Rd7+ Be7 30. Ra1 Rd8 31. Rc7 Rd1+ 32. Rxd1 Bxd1 33. gxf6
gxf6 34. f4 Bf3 35. Bd3 1-0

[Event "3MCR_4D_1L_2S"]
[Site "?"]
[Date "1999.??.??"]
[Round "2"]
[White "Matousek, Jan_st."]
[Black "Galuska, Josef"]
[Result "1/2-1/2"]
[WhiteElo "2240"]
[BlackElo "2335"]
[PlyCount "79"]
[EventDate "1999.??.??"]
[EventType "corr"]

1. d4 d5 2. c4 c6 3. Nc3 Nf6 4. Nf3 e6 5. e3 Nbd7 6. Bd3 dxc4 7. Bxc4 b5 8. Bd3
Bb7 9. e4 b4 10. Na4 c5 11. e5 Nd5 12. O-O cxd4 13. Re1 a6 14. Nxd4 g6 15. Qg4
Ne7 16. Bf4 Bg7 17. a3 bxa3 18. Rxa3 O-O 19. Bg3 Nd5 20. Qe2 N5b6 21. Bc2 Nxa4
22. Bxa4 Nc5 23. Rd1 Qb6 24. f3 Rad8 25. Bf2 Rd5 26. Nb3 Rxe5 27. Qf1 Rc8 28.
Nxc5 Rexc5 29. Rb3 Qc7 30. Bxc5 Qxc5+ 31. Qf2 Qxf2+ 32. Kxf2 Bd5 33. Rb6 Be5
34. Rxa6 Bxb2 35. Rd2 Bc3 36. Rc2 e5 37. Rd6 Bd4+ 38. Ke2 Rxc2+ 39. Bxc2 Be6
40. Rc6 1/2-1/2

[Event "3MCR_4D_1L_2S"]
[Site "?"]
[Date "1999.??.??"]
[Round "2"]
[White "Vrkoc, David"]
[Black "Galuska, Josef"]
[Result "1/2-1/2"]
[WhiteElo "2195"]
[BlackElo "2335"]
[PlyCount "64"]
[EventDate "1999.??.??"]
[EventType "corr"]

1. c4 Nf6 2. g3 g6 3. Bg2 Bg7 4. Nc3 O-O 5. Nf3 Nc6 6. O-O d6 7. d4 a6 8. h3
Rb8 9. e4 b5 10. e5 dxe5 11. dxe5 Qxd1 12. Rxd1 Nd7 13. e6 fxe6 14. cxb5 axb5
15. Bf4 Nde5 16. Nxe5 Nxe5 17. Re1 Nd3 18. Bxc7 Nxe1 19. Rxe1 Bd4 20. Re2 b4
21. Bxb8 Ba6 22. Be5 Bxe2 23. Bxd4 bxc3 24. Bxc3 Rd8 25. a4 Rd1+ 26. Kh2 Kf7
27. g4 Bc4 28. b4 Rd3 29. Be1 Bd5 30. a5 Rd1 31. Bc3 Rd3 32. Be1 Rd1 1/2-1/2

[Event "3MCR_4D_1L_2S"]
[Site "?"]
[Date "1999.??.??"]
[Round "2"]
[White "Zatloukal, Petr"]
[Black "Pfeifer, Miroslav"]
[Result "1/2-1/2"]
[WhiteElo "2000"]
[BlackElo "2255"]
[PlyCount "80"]
[EventDate "1999.??.??"]
[EventType "corr"]

1. e4 e5 2. Nf3 Nc6 3. Bb5 f5 4. Nc3 fxe4 5. Nxe4 Nf6 6. Nxf6+ Qxf6 7. Qe2 Be7
8. Bxc6 dxc6 9. Nxe5 Bf5 10. d4 O-O-O 11. Be3 Bb4+ 12. c3 Bd6 13. f4 Bxe5 14.
fxe5 Qg6 15. Qd2 Rhe8 16. O-O Be4 17. Bg5 Rd7 18. Rae1 c5 19. Rf4 Bd5 20. Bh4
cxd4 21. Rxd4 Be6 22. b4 Rxd4 23. Qxd4 Kb8 24. Bf2 b6 25. a4 Bc8 26. Bg3 Be6
27. a5 Qc2 28. h3 h6 29. Bf2 Rf8 30. Be3 Qg6 31. Kh2 Qc2 32. Rd1 g5 33. Rd2 Qb3
34. Rf2 Rxf2 35. Bxf2 Kc8 36. Be3 Qd5 37. Qxd5 Bxd5 38. h4 gxh4 39. axb6 cxb6
40. Bxh6 Kd7 1/2-1/2

[Event "3MCR_4D_1L_2S"]
[Site "?"]
[Date "1999.??.??"]
[Round "2"]
[White "Galuska, Josef"]
[Black "Zacek, Jiri"]
[Result "1/2-1/2"]
[WhiteElo "2335"]
[BlackElo "2305"]
[PlyCount "76"]
[EventDate "1999.??.??"]
[EventType "corr"]

1. d4 Nf6 2. c4 g6 3. Nc3 d5 4. cxd5 Nxd5 5. e4 Nxc3 6. bxc3 Bg7 7. Bc4 O-O 8.
Ne2 c5 9. Be3 Nc6 10. O-O cxd4 11. cxd4 Bg4 12. f3 Na5 13. Bd3 Be6 14. d5 Bxa1
15. Qxa1 f6 16. Rb1 Bd7 17. Bh6 Rf7 18. e5 fxe5 19. Qxe5 Rc8 20. Bd2 Bf5 21.
Bc3 Rxc3 22. Qxc3 Qxd5 23. Nf4 Qd6 24. Qxa5 Bxd3 25. Nxd3 Qxd3 26. Re1 Qd4+ 27.
Kh1 Kg7 28. h3 a6 29. Re6 Kf8 30. Qc7 Qa1+ 31. Kh2 Qxa2 32. Qd8+ Kg7 33. Qd4+
Kg8 34. Qd8+ Rf8 35. Qd7 Qc4 36. Rxe7 Rf7 37. Qxb7 Rxe7 38. Qxe7 Qf4+ 1/2-1/2

[Event "3MCR_4D_1L_2S"]
[Site "?"]
[Date "1999.??.??"]
[Round "2"]
[White "Odehnal, Miroslav"]
[Black "Hlavac, Frantisek"]
[Result "1/2-1/2"]
[WhiteElo "2450"]
[BlackElo "2200"]
[PlyCount "54"]
[EventDate "1999.??.??"]
[EventType "corr"]

1. d4 Nf6 2. c4 g6 3. Nc3 Bg7 4. e4 d6 5. Nf3 O-O 6. Be2 e5 7. O-O Nc6 8. d5
Ne7 9. b4 a5 10. Ba3 axb4 11. Bxb4 b6 12. a4 Ne8 13. Qb3 Kh8 14. Nb5 f5 15. Nd2
Bh6 16. exf5 gxf5 17. a5 c5 18. Bc3 bxa5 19. f4 Ng6 20. fxe5 dxe5 21. Qa3 Qe7
22. Rae1 Be3+ 23. Kh1 f4 24. Qb2 Kg8 25. Ne4 Bf5 26. Bf3 Qg7 27. d6 Rb8 1/2-1/2

[Event "3MCR_4D_1L_2S"]
[Site "?"]
[Date "1999.??.??"]
[Round "2"]
[White "Pesa, Ladislav"]
[Black "Odehnal, Miroslav"]
[Result "1/2-1/2"]
[WhiteElo "2340"]
[BlackElo "2450"]
[PlyCount "61"]
[EventDate "1999.??.??"]
[EventType "corr"]

1. d4 d5 2. Nf3 Nf6 3. g3 c6 4. Bg2 Bg4 5. O-O Nbd7 6. Nbd2 e6 7. Re1 Be7 8. e4
dxe4 9. Nxe4 O-O 10. c3 Nxe4 11. Rxe4 Bh5 12. Qb3 Qb6 13. Re1 Rfd8 14. Bf4 Nf6
15. Ne5 Nd5 16. Bd2 Bf6 17. h3 Bxe5 18. Rxe5 Bg6 19. Qa3 a5 20. Rae1 h6 21. b3
a4 22. b4 Qa6 23. Qc1 Qd3 24. Be4 Bxe4 25. R1xe4 Ne7 26. a3 Nf5 27. Kg2 Rd5 28.
Bf4 Rad8 29. Re1 Rxe5 30. Bxe5 Qc4 31. h4 1/2-1/2

[Event "3MCR_4D_1L_2S"]
[Site "?"]
[Date "1999.??.??"]
[Round "2"]
[White "Zacek, Jiri"]
[Black "Trexler, Evzen"]
[Result "0-1"]
[WhiteElo "2305"]
[BlackElo "2335"]
[PlyCount "56"]
[EventDate "1999.??.??"]
[EventType "corr"]

1. d4 Nf6 2. c4 g6 3. Nc3 Bg7 4. e4 d6 5. Be2 O-O 6. Bg5 c5 7. d5 e6 8. Nf3
exd5 9. cxd5 h6 10. Bh4 g5 11. Bg3 Nh5 12. Nd2 Nxg3 13. hxg3 Nd7 14. Qc2 Ne5
15. f4 Ng6 16. O-O-O gxf4 17. gxf4 Nxf4 18. Bf3 b5 19. g4 c4 20. Rdg1 Re8 21.
Nf1 Nd3+ 22. Kb1 Qf6 23. Nd2 Nxb2 24. g5 hxg5 25. Qxb2 Qxc3 26. Qxc3 Bxc3 27.
Rxg5+ Kf8 28. Kc2 Bf6 0-1

[Event "3MCR_4D_1L_2S"]
[Site "?"]
[Date "1999.??.??"]
[Round "2"]
[White "Urbanek, Stepan"]
[Black "Trexler, Evzen"]
[Result "1/2-1/2"]
[WhiteElo "2405"]
[BlackElo "2335"]
[PlyCount "65"]
[EventDate "1999.??.??"]
[EventType "corr"]

1. d4 Nf6 2. c4 g6 3. Nc3 Bg7 4. e4 d6 5. Be2 O-O 6. Bg5 c5 7. d5 e6 8. Qd2 Qa5
9. Nf3 exd5 10. exd5 a6 11. a4 Bg4 12. O-O Re8 13. Qf4 Nbd7 14. Qxd6 Ne4 15.
Nxe4 Rxe4 16. Bd3 Ree8 17. h3 Ne5 18. hxg4 Nxd3 19. Bf6 Qb4 20. b3 Qxb3 21. Ng5
Bxf6 22. Qxf6 Rf8 23. Qd6 h6 24. Ne6 fxe6 25. Qxe6+ Rf7 26. Rab1 Qc3 27. Qxg6+
Rg7 28. Qe6+ Kh8 29. Rfd1 Nb2 30. Rbc1 Qb4 31. Qxh6+ Kg8 32. Rd2 Nxc4 33. Qe6+
1/2-1/2

[Event "3MCR_4D_1L_2S"]
[Site "?"]
[Date "1999.??.??"]
[Round "2"]
[White "Matousek, Jan_st."]
[Black "Urbanek, Stepan"]
[Result "1/2-1/2"]
[WhiteElo "2240"]
[BlackElo "2405"]
[PlyCount "95"]
[EventDate "1999.??.??"]
[EventType "corr"]

1. d4 Nf6 2. c4 e6 3. Nf3 d5 4. Nc3 c6 5. e3 Nbd7 6. Bd3 dxc4 7. Bxc4 b5 8. Bd3
a6 9. e4 c5 10. e5 cxd4 11. Nxb5 axb5 12. exf6 gxf6 13. O-O Qb6 14. Be4 Bb7 15.
Bxb7 Qxb7 16. Nxd4 Rg8 17. f3 Ne5 18. Qe2 Bc5 19. Be3 Qb6 20. Rfd1 Rd8 21. Nc2
Bxe3+ 22. Nxe3 Nc4 23. Rxd8+ Kxd8 24. Rd1+ Ke7 25. Rd3 Ra8 26. a3 Rd8 27. Rxd8
Kxd8 28. Kf2 Ke7 29. f4 Qd4 30. Kf3 Nxe3 31. Qxe3 Qxb2 32. Qc5+ Kd7 33. Qa7+
Kd6 34. Qb6+ Kd5 35. Qb7+ Kc4 36. Qc7+ Kb3 37. Qxf7 Kxa3 38. Qa7+ Kb3 39. Qxh7
b4 40. h4 f5 41. Qa7 Qc3+ 42. Ke2 Qc2+ 43. Kf3 Qe4+ 44. Kg3 e5 45. fxe5 Qxe5+
46. Kh3 Qf4 47. g3 Qf3 48. Kh2 1/2-1/2

[Event "3MCR_4D_1L_2S"]
[Site "?"]
[Date "1999.??.??"]
[Round "2"]
[White "Zatloukal, Petr"]
[Black "Galuska, Josef"]
[Result "1/2-1/2"]
[WhiteElo "2000"]
[BlackElo "2335"]
[PlyCount "83"]
[EventDate "1999.??.??"]
[EventType "corr"]

1. e4 e6 2. d4 d5 3. e5 c5 4. c3 Nc6 5. Nf3 Qb6 6. a3 c4 7. Nbd2 Na5 8. g3 Bd7
9. Bh3 Ne7 10. O-O h6 11. Nh4 O-O-O 12. Ng2 Kb8 13. Rb1 Ka8 14. Ne3 f5 15. exf6
gxf6 16. Re1 h5 17. Ng2 Bh6 18. Nf3 Bxc1 19. Qxc1 Ng6 20. Qc2 Rdg8 21. Nfh4
Nxh4 22. Nxh4 Qd6 23. Re2 Nc6 24. b3 cxb3 25. Qxb3 b6 26. Rbe1 f5 27. Qb2 Na5
28. Qb4 Qc7 29. Bg2 f4 30. Rxe6 Bxe6 31. Rxe6 Re8 32. Ng6 Rxe6 33. Bxd5+ Nc6
34. Nxh8 Rf6 35. Qb5 Kb7 36. Be4 Qe7 37. Qe5 Qf8 38. Qxh5 fxg3 39. hxg3 Qxa3
40. d5 Nd8 41. Qe8 Qxc3 42. Qd7+ 1/2-1/2

[Event "3MCR_4D_1L_2S"]
[Site "?"]
[Date "1999.??.??"]
[Round "2"]
[White "Hlavac, Frantisek"]
[Black "Sohr, Vladimir"]
[Result "1/2-1/2"]
[WhiteElo "2200"]
[BlackElo "2255"]
[PlyCount "66"]
[EventDate "1999.??.??"]
[EventType "corr"]

1. e4 e5 2. Nf3 Nc6 3. Bb5 a6 4. Ba4 Nf6 5. O-O Be7 6. Re1 b5 7. Bb3 d6 8. c3
O-O 9. h3 Bb7 10. d4 Re8 11. Ng5 Rf8 12. Nf3 Re8 13. Nbd2 Bf8 14. a4 h6 15. d5
Nb8 16. Qe2 c6 17. dxc6 Bxc6 18. axb5 Bxb5 19. Bc4 Bc6 20. b4 a5 21. Bb5 Qb6
22. Bxc6 Qxc6 23. Rxa5 Rxa5 24. bxa5 Qa4 25. Nc4 Nc6 26. Ba3 Nxa5 27. Bb4 Nxc4
28. Qxc4 Ra8 29. Kh2 Qa6 30. Nd2 Qb6 31. Kg1 Ra6 32. Nf1 Qa7 33. Ne3 Ra1
1/2-1/2

[Event "3MCR_4D_1L_2S"]
[Site "?"]
[Date "1999.??.??"]
[Round "2"]
[White "Hlavac, Frantisek"]
[Black "Zatloukal, Petr"]
[Result "1/2-1/2"]
[WhiteElo "2200"]
[BlackElo "2000"]
[PlyCount "74"]
[EventDate "1999.??.??"]
[EventType "corr"]

1. e4 c6 2. d4 d5 3. Nd2 dxe4 4. Nxe4 Bf5 5. Qf3 e6 6. Bd3 Qxd4 7. Ne2 Bxe4 8.
Bxe4 Qb6 9. Qg3 Na6 10. O-O Nc5 11. Bf3 Ne7 12. Nd4 Ne4 13. Bxe4 Qxd4 14. Re1
Rd8 15. Bf4 Ng6 16. Bg5 Be7 17. Bxe7 Kxe7 18. Qa3+ Kf6 19. Qf3+ Ke7 20. Qa3+
Ke8 21. c3 Qb6 22. c4 a6 23. Qc3 Rg8 24. g3 Ke7 25. c5 Qc7 26. f4 Nf8 27. b4
Qd7 28. Qb3 Qd4+ 29. Kh1 Qf6 30. Rad1 Ng6 31. a4 Rxd1 32. Rxd1 Rd8 33. b5 axb5
34. axb5 Rxd1+ 35. Qxd1 e5 36. bxc6 bxc6 37. Qb1 exf4 1/2-1/2

[Event "3MCR_4D_1L_2S"]
[Site "?"]
[Date "1999.??.??"]
[Round "2"]
[White "Galuska, Josef"]
[Black "Urbanek, Stepan"]
[Result "1-0"]
[WhiteElo "2335"]
[BlackElo "2405"]
[PlyCount "99"]
[EventDate "1999.??.??"]
[EventType "corr"]

1. d4 Nf6 2. c4 e6 3. Nc3 Bb4 4. Qc2 O-O 5. a3 Bxc3+ 6. Qxc3 b6 7. Bg5 Bb7 8.
e3 h6 9. Bh4 d6 10. f3 Nbd7 11. Bd3 e5 12. Ne2 e4 13. fxe4 Qe8 14. e5 dxe5 15.
O-O-O exd4 16. exd4 Qe3+ 17. Kb1 Rfe8 18. Ng3 Qf4 19. Bxf6 Nxf6 20. Rhf1 Qg5
21. d5 b5 22. Rf5 Qg4 23. Rdf1 bxc4 24. Bxc4 Ne4 25. Qd4 Nd2+ 26. Qxd2 Qxc4 27.
Rc1 Qb3 28. Rxc7 Rac8 29. d6 Rxc7 30. dxc7 Qe6 31. Rc5 Qb6 32. Qd4 Bc8 33. b4
Qg6+ 34. Kb2 Re1 35. Rc2 Kh7 36. a4 a6 37. Qd2 Re7 38. Rc5 Qf6+ 39. Qc3 Qh4 40.
h3 g6 41. Rd5 Rd7 42. Re5 Qf6 43. Ne4 Qg7 44. Rd5 Qxc3+ 45. Kxc3 Rxc7+ 46. Rc5
Rxc5+ 47. Nxc5 f5 48. b5 axb5 49. axb5 g5 50. Kd4 1-0

[Event "3MCR_4D_1L_2S"]
[Site "?"]
[Date "1999.??.??"]
[Round "2"]
[White "Trexler, Evzen"]
[Black "Cerny, Jan"]
[Result "1/2-1/2"]
[WhiteElo "2335"]
[BlackElo "2350"]
[PlyCount "78"]
[EventDate "1999.??.??"]
[EventType "corr"]

1. e4 c6 2. d4 d5 3. Nc3 dxe4 4. Nxe4 Nd7 5. Bc4 Ngf6 6. Ng3 e6 7. Nf3 b5 8.
Bd3 c5 9. c3 c4 10. Be2 Bb7 11. a4 a6 12. b3 Bd5 13. bxc4 Bxc4 14. axb5 axb5
15. Rxa8 Qxa8 16. Bxc4 bxc4 17. O-O Bd6 18. Qe2 Qd5 19. Nd2 Nb6 20. Nde4 Nxe4
21. Nxe4 O-O 22. Bh6 Kh8 23. Nxd6 Qxd6 24. Bd2 Ra8 25. f4 h6 26. f5 exf5 27.
Rxf5 Qg6 28. Qh5 Ra2 29. Qxg6 fxg6 30. Rf8+ Kh7 31. Be1 Nd5 32. Rc8 g5 33. Bg3
Nxc3 34. Rxc4 Ne4 35. Rc1 Nxg3 36. hxg3 Rd2 37. Rc4 g4 38. Ra4 Kg6 39. Ra6+ Kf5
1/2-1/2

[Event "3MCR_4D_1L_2S"]
[Site "?"]
[Date "1999.??.??"]
[Round "2"]
[White "Kopec, Ladislav"]
[Black "Cerny, Jan"]
[Result "1-0"]
[WhiteElo "2280"]
[BlackElo "2350"]
[PlyCount "81"]
[EventDate "1999.??.??"]
[EventType "corr"]

1. e4 c6 2. d4 d5 3. e5 Bf5 4. Nc3 e6 5. g4 Bg6 6. Nge2 Ne7 7. Nf4 c5 8. h4
cxd4 9. Nb5 Nec6 10. h5 Be4 11. f3 Bxf3 12. Qxf3 Nxe5 13. Qg3 Nbc6 14. Nd3
Nxd3+ 15. Bxd3 e5 16. O-O a6 17. Qf3 f6 18. Qxd5 axb5 19. Qxb5 Qc7 20. Bd2
O-O-O 21. a4 Kb8 22. a5 Qd7 23. Be4 Na7 24. Qe2 Bc5 25. Kh2 Qb5 26. Bd3 Qd7 27.
a6 b5 28. h6 Rhf8 29. Ra5 Bd6 30. Bxb5 d3 31. Qe3 Nxb5 32. hxg7 Rg8 33. a7+
Nxa7 34. Rfa1 e4+ 35. Kh1 Kc8 36. cxd3 Nc6 37. Qxe4 Qb7 38. Rc1 Kd7 39. d4 f5
40. Rxf5 Rxg7 41. Rf6 1-0

[Event "3MCR_4D_1L_2S"]
[Site "?"]
[Date "1999.??.??"]
[Round "2"]
[White "Zacek, Jiri"]
[Black "Pesa, Ladislav"]
[Result "1/2-1/2"]
[WhiteElo "2305"]
[BlackElo "2340"]
[PlyCount "80"]
[EventDate "1999.??.??"]
[EventType "corr"]

1. d4 Nf6 2. c4 c5 3. d5 e6 4. Nc3 exd5 5. cxd5 d6 6. e4 g6 7. Nf3 Bg7 8. h3
O-O 9. Bd3 b5 10. Bxb5 Nxe4 11. Nxe4 Qa5+ 12. Nfd2 Qxb5 13. Nxd6 Qa6 14. N2c4
Nd7 15. O-O Nb6 16. Nxb6 Qxb6 17. Nxc8 Raxc8 18. Rb1 Rfd8 19. Bf4 Qb7 20. d6
Bf8 21. Qd3 Bxd6 22. Bxd6 Rc6 23. Rfd1 Qd7 24. Qa3 Rxd6 25. Rxd6 Qxd6 26. Qxa7
Re8 27. b3 Re2 28. Rf1 Qd5 29. Qa5 Rc2 30. Ra1 Qd4 31. Qe1 Rxf2 32. Qxf2 Qxa1+
33. Kh2 Qc3 34. Qg3 Qb4 35. a4 h5 36. Qd3 Qf4+ 37. Qg3 Qb4 38. Qe3 h4 39. Qe8+
Kg7 40. Qe5+ Kg8 1/2-1/2

[Event "3MCR_4D_1L_2S"]
[Site "?"]
[Date "1999.??.??"]
[Round "2"]
[White "Sohr, Vladimir"]
[Black "Matousek, Jan_st."]
[Result "1/2-1/2"]
[WhiteElo "2255"]
[BlackElo "2230"]
[PlyCount "85"]
[EventDate "1999.??.??"]
[EventType "corr"]

1. e4 c5 2. Nf3 d6 3. d4 cxd4 4. Nxd4 Nf6 5. Nc3 a6 6. Bg5 e6 7. f4 Qb6 8. Qd2
Qxb2 9. Rb1 Qa3 10. f5 Nc6 11. fxe6 fxe6 12. Nxc6 bxc6 13. Be2 Be7 14. O-O O-O
15. Rb3 Qc5+ 16. Be3 Qe5 17. Bf4 Qc5+ 18. Kh1 Ng4 19. h3 e5 20. Na4 Qa7 21.
Bc4+ Kh8 22. hxg4 exf4 23. Nb6 d5 24. exd5 cxd5 25. Bxd5 Rb8 26. Nxc8 Rbxc8 27.
Rh3 Qb6 28. c4 Bg5 29. Qd3 h6 30. Rb1 Qf6 31. Qf5 Qxf5 32. gxf5 Be7 33. Be6
Rcd8 34. Rhb3 Bc5 35. Rb7 Rd2 36. R1b2 Rd1+ 37. Kh2 h5 38. Rb1 Rd2 39. R7b2
Rdd8 40. a4 Kh7 41. Re2 Be3 42. g3 Rd3 43. Kg2 1/2-1/2

[Event "3MCR_4D_1L_2S"]
[Site "?"]
[Date "1999.??.??"]
[Round "2"]
[White "Odehnal, Miroslav"]
[Black "Galuska, Josef"]
[Result "1-0"]
[WhiteElo "2450"]
[BlackElo "2335"]
[PlyCount "69"]
[EventDate "1999.??.??"]
[EventType "corr"]

1. e4 e6 2. d4 d5 3. Nc3 Bb4 4. e5 c5 5. a3 Bxc3+ 6. bxc3 Ne7 7. Qg4 Kf8 8. a4
b6 9. Nf3 h6 10. Ba3 Qc7 11. Bd3 Ba6 12. O-O Bxd3 13. cxd3 Nd7 14. Rfc1 Kg8 15.
c4 Rc8 16. dxc5 bxc5 17. d4 Qc6 18. dxc5 dxc4 19. Qxc4 Ng6 20. Re1 Nb6 21. Qe4
Nd5 22. Nd4 Qxa4 23. c6 Ngf4 24. Bd6 Ne2+ 25. Qxe2 Qxd4 26. c7 g6 27. Qa6 Kg7
28. Qxa7 Qg4 29. Qc5 Nf4 30. Qc6 Nd3 31. Qe4 Qf5 32. Qxf5 exf5 33. Reb1 Nf4 34.
Rb8 Nd5 35. Kf1 1-0